[Event "Muensterland Verbandsliga Gr1 2223"]
[Site "Germany"]
[Date "2022.10.22"]
[Round "2.6"]
[White "Brinkmann, Franz Josef"]
[Black "Richter, Juergen"]
[Result "1/2-1/2"]
[WhiteElo "1769"]
[BlackElo "1885"]
[PlyCount "38"]
[EventDate "2022.09.10"]
[EventType "team-tourn"]
[EventRounds "5"]
[EventCountry "GER"]
[SourceTitle "EXT 2024"]
[Source "ChessBase"]
[SourceDate "2023.10.10"]
[SourceVersion "1"]
[SourceVersionDate "2023.10.10"]
[SourceQuality "1"]
[WhiteTeam "Rheine Klein Berlin II"]
[BlackTeam "Ibbenbueren"]
[WhiteTeamCountry "GER"]
[BlackTeamCountry "GER"]

1. e4 c5 2. Nf3 e6 3. d4 cxd4 4. Nxd4 a6 5. Nc3 Qc7 6. Be2 Bb4 7. Bd2 Nf6 8. Bf3 0-0 9. Nce2 Be7 10. Ng3 Nc6 11. Nxc6 dxc6 12. 0-0 e5 13. Qe2 Be6 14. b3 Rfd8 15. Rad1 Rd7 16. Bc3 Rad8 17. Rxd7 Rxd7 18. Rd1 g6 19. Rxd7 Nxd7 1/2-1/2

[Event "Muensterland Verbandsklasse 1819"]
[Site "Germany"]
[Date "2019.02.09"]
[Round "6.4"]
[White "Schaefer, Guenter"]
[Black "Brinkmann, Franz Josef"]
[Result "0-1"]
[WhiteElo "1855"]
[BlackElo "1754"]
[PlyCount "78"]
[EventDate "2018.09.15"]
[EventType "team-tourn"]
[EventRounds "9"]
[EventCountry "GER"]
[SourceTitle "EXT 2020"]
[Source "ChessBase"]
[SourceDate "2019.10.17"]
[SourceVersion "1"]
[SourceVersionDate "2019.10.17"]
[SourceQuality "1"]
[WhiteTeam "Nienberge II"]
[BlackTeam "Rheine Klein Berlin II"]
[WhiteTeamCountry "GER"]
[BlackTeamCountry "GER"]

1. e4 c5 2. Nc3 Nc6 3. Bb5 Nd4 4. Bc4 a6 5. d3 d6 6. Nge2 Nf6 7. Nxd4 cxd4 8. Nd5 e6 9. Nxf6+ Qxf6 10. 0-0 b5 11. Bb3 Bb7 12. Bd2 Be7 13. a4 0-0 14. axb5 axb5 15. Rxa8 Rxa8 16. Qh5 Bc6 17. f4 Qg6 18. Qh3 d5 19. e5 f5 20. exf6 Qxf6 21. Re1 Bd7 22. Bxd5 Ra6 23. Bb3 g6 24. Qf3 Bc8 25. Qe4 Kf8 26. Qe5 Qxe5 27. fxe5 g5 28. Re4 h6 29. h4 Ra1+ 30. Kh2 Rd1 31. Re2 Kg7 32. hxg5 hxg5 33. Kg3 Kg6 34. Kg4 Rh1 35. Kg3 Kh5 36. Rf2 g4 37. Re2 Bh4+ 38. Kf4 Bb7 39. Bxe6 Rf1+ 0-1

[Event "Muensterland Verbandsklasse 1819"]
[Site "Germany"]
[Date "2018.11.17"]
[Round "3.4"]
[White "Brinkmann, Franz Josef"]
[Black "Wiltschut, Arne"]
[Result "0-1"]
[WhiteElo "1754"]
[BlackElo "1808"]
[PlyCount "118"]
[EventDate "2018.09.15"]
[EventType "team-tourn"]
[EventRounds "9"]
[EventCountry "GER"]
[SourceTitle "EXT 2020"]
[Source "ChessBase"]
[SourceDate "2019.10.17"]
[SourceVersion "1"]
[SourceVersionDate "2019.10.17"]
[SourceQuality "1"]
[WhiteTeam "Rheine Klein Berlin II"]
[BlackTeam "Hiltrup"]
[WhiteTeamCountry "GER"]
[BlackTeamCountry "GER"]

1. e4 e6 2. g3 d5 3. Bg2 c5 4. d4 dxe4 5. Bxe4 Nf6 6. Bg2 cxd4 7. c3 dxc3 8. Qxd8+ Kxd8 9. Nxc3 Bb4 10. Nge2 Nc6 11. 0-0 Ke7 12. Be3 Ng4 13. Bd2 Rd8 14. Rad1 Bd7 15. h3 Nf6 16. Be3 Kf8 17. a3 Be7 18. Nb5 Na5 19. Nec3 Bc6 20. Nd4 Bxg2 21. Kxg2 Nc4 22. Bc1 Rac8 23. g4 Nxa3 24. g5 Ne8 25. f4 Nc4 26. f5 e5 27. Nf3 f6 28. h4 Ned6 29. Nh2 b5 30. Nd5 Nb6 31. Nxe7 Kxe7 32. Ng4 Rc2+ 33. Kh3 Na4 34. gxf6+ gxf6 35. Nxf6 Nxb2 36. Nd5+ Kf7 37. Rde1 Nd3 38. Bg5 Rdc8 39. Re3 Nf2+ 40. Kg3 Nxf5+ 41. Kf3 Nxe3 42. Nxe3 R8c3 43. Rxf2 Rxf2+ 44. Kxf2 Ke6 45. Ke2 e4 46. Kd2 b4 47. Nc2 Rd3+ 48. Kc1 a5 49. Ne1 Rh3 50. Nc2 b3 51. Nd4+ Kd5 52. Nb5 a4 53. Kb2 Kc4 54. Nd6+ Kd3 55. Nb7 Rh2+ 56. Kb1 a3 57. Nc5+ Kc4 58. Nxe4 a2+ 59. Ka1 Rh1+ 0-1

[Event "Muensterland Verbandsklasse 1718"]
[Site "Germany"]
[Date "2018.04.07"]
[Round "8.3"]
[White "Brinkmann, Franz Josef"]
[Black "Gerighausen, Karl Heinz"]
[Result "1-0"]
[WhiteElo "1758"]
[BlackElo "1659"]
[PlyCount "79"]
[EventDate "2017.09.16"]
[EventType "team-tourn"]
[EventRounds "9"]
[EventCountry "GER"]
[SourceTitle "EXT 2019"]
[Source "ChessBase"]
[SourceDate "2018.10.10"]
[SourceVersion "1"]
[SourceVersionDate "2018.10.10"]
[SourceQuality "1"]
[WhiteTeam "Rheine Klein Berlin II"]
[BlackTeam "Emsdetten Rochade III"]
[WhiteTeamCountry "GER"]
[BlackTeamCountry "GER"]

1. e4 c5 2. Nf3 g6 3. d4 cxd4 4. Nxd4 Bg7 5. c3 Nc6 6. Be3 Nf6 7. Nd2 0-0 8. Be2 d5 9. Nxc6 bxc6 10. e5 Ne8 11. Bd4 f6 12. exf6 Bxf6 13. Nf3 Qc7 14. Bxf6 exf6 15. 0-0 Nd6 16. Qc2 Bf5 17. Bd3 c5 18. Rad1 Rfd8 19. Rfe1 Rd7 20. Nh4 Be4 21. Bxe4 dxe4 22. g3 Rad8 23. c4 Qc6 24. b3 f5 25. Ng2 Nf7 26. Ne3 Ne5 27. Rxd7 Rxd7 28. Rd1 Nf3+ 29. Kg2 Rd3 30. Nd5 Rxd1 31. Qxd1 Qd6 32. Qa1 Nd4 33. Qb2 g5 34. Qd2 f4 35. gxf4 gxf4 36. Qxf4 Qxf4 37. Nxf4 a5 38. Nd5 a4 39. bxa4 Nc6 40. Nc3 1-0

[Event "Steinfurt Bezirksliga 1415"]
[Site "Germany"]
[Date "2014.12.20"]
[Round "5.2"]
[White "Brinkmann, Franz Josef"]
[Black "Raus, Michael"]
[Result "1/2-1/2"]
[WhiteElo "1772"]
[BlackElo "1758"]
[PlyCount "126"]
[EventDate "2014.09.06"]
[EventType "team-tourn"]
[EventRounds "9"]
[EventCountry "GER"]
[SourceTitle "EXT 2016"]
[Source "ChessBase"]
[SourceDate "2015.10.08"]
[SourceVersion "1"]
[SourceVersionDate "2015.10.08"]
[SourceQuality "1"]
[WhiteTeam "Rheine Klein Berlin II"]
[BlackTeam "Steinfurt II"]
[WhiteTeamCountry "GER"]
[BlackTeamCountry "GER"]

1. e4 e6 2. d4 d5 3. Nc3 Nf6 4. Bd3 Be7 5. Bd2 dxe4 6. Nxe4 Nxe4 7. Bxe4 Qxd4 8. Qf3 Qf6 9. Bxb7 Qxf3 10. Bxf3 c6 11. Bc3 0-0 12. Rd1 a5 13. Ne2 Ra7 14. 0-0 Ba6 15. Rfe1 Bc4 16. b3 Bd5 17. Rd3 Bxf3 18. Rxf3 c5 19. Rd1 Nc6 20. a3 Rd8 21. Rxd8+ Bxd8 22. Rd3 Be7 23. Ng3 c4 24. bxc4 Bxa3 25. Bxg7 Kxg7 26. Rxa3 Rd7 27. Kf1 Rd4 28. Ra4 Ne5 29. Rxa5 Nxc4 30. Ra2 Rd1+ 31. Ke2 Rd2+ 32. Ke1 f5 33. Nh5+ Kh6 34. Nf4 Rd6 35. Ra4 Ne5 36. Ra5 Nd7 37. Nd3 Kg5 38. Ne5 Nxe5 39. Rxe5 Kf6 40. Rc5 Rd7 41. Ke2 h5 42. g3 Kg5 43. Rc4 e5 44. h4+ Kf6 45. Rc6+ Kg7 46. Ke3 Rd4 47. f4 Re4+ 48. Kf3 exf4 49. gxf4 Ra4 50. Rc3 Rb4 51. Rc5 Kg6 52. Rc6+ Kg7 53. c4 Rb3+ 54. Kf2 Rh3 55. c5 Rxh4 56. Kf3 Kf7 57. Ke3 Ke7 58. Rb6 Rh1 59. Kd4 h4 60. Ke5 h3 61. Rh6 h2 62. Kxf5 Kd7 63. Kf6 Kc6 1/2-1/2

[Event "Steinfurt Bezirksliga 1415"]
[Site "Germany"]
[Date "2014.09.27"]
[Round "2.3"]
[White "Hartmann, Viktor"]
[Black "Brinkmann, Franz Josef"]
[Result "0-1"]
[WhiteElo "1713"]
[BlackElo "1772"]
[PlyCount "86"]
[EventDate "2014.09.06"]
[EventType "team-tourn"]
[EventRounds "9"]
[EventCountry "GER"]
[SourceTitle "EXT 2016"]
[Source "ChessBase"]
[SourceDate "2015.10.08"]
[SourceVersion "1"]
[SourceVersionDate "2015.10.08"]
[SourceQuality "1"]
[WhiteTeam "Ibbenbueren II"]
[BlackTeam "Rheine Klein Berlin II"]
[WhiteTeamCountry "GER"]
[BlackTeamCountry "GER"]

1. d4 d5 2. c4 e6 3. Nc3 Nf6 4. c5 b6 5. cxb6 axb6 6. Bg5 Be7 7. e3 h6 8. Bh4 Bd7 9. Nf3 0-0 10. Bd3 c5 11. dxc5 bxc5 12. 0-0 Nc6 13. Bb1 Rb8 14. b3 Bc8 15. Re1 Rb4 16. a3 Rb8 17. Qc2 g6 18. Ne2 Ne4 19. Bxe7 Qxe7 20. Rc1 Na5 21. Ba2 Ba6 22. Ng3 Nxg3 23. hxg3 c4 24. b4 Nb7 25. Ne5 Rfc8 26. Nxg6 Qf6 27. Nf4 Nd6 28. Rab1 Nb5 29. a4 Nd6 30. b5 Bb7 31. a5 Ba8 32. b6 Bb7 33. Ra1 Rc5 34. Bb1 Qxa1 35. Qh7+ Kf8 36. Nh5 Qe5 37. Qxh6+ Ke7 38. Re1 d4 39. f4 Qxh5 40. Qxh5 Rxh5 41. g4 Rxa5 42. exd4 Ra1 43. f5 Bd5 0-1

[Event "Steinfurt Bezirksliga 1314"]
[Site "Germany"]
[Date "2013.12.14"]
[Round "4.2"]
[White "Brinkmann, Franz Josef"]
[Black "Raus, Michael"]
[Result "1/2-1/2"]
[WhiteElo "1788"]
[BlackElo "1741"]
[PlyCount "130"]
[EventDate "2013.09.14"]
[EventType "team-tourn"]
[EventRounds "9"]
[EventCountry "GER"]
[SourceTitle "EXT 2015"]
[Source "ChessBase"]
[SourceDate "2014.11.20"]
[SourceVersion "1"]
[SourceVersionDate "2014.11.20"]
[SourceQuality "1"]
[WhiteTeam "Rheine Klein Berlin II"]
[BlackTeam "Steinfurt II"]
[WhiteTeamCountry "GER"]
[BlackTeamCountry "GER"]

1. e4 e6 2. g3 d5 3. Bg2 Nf6 4. exd5 exd5 5. d4 Bd6 6. Ne2 Bf5 7. Bg5 c6 8. Nd2 Nbd7 9. 0-0 h6 10. Bf4 Nb6 11. b3 0-0 12. Re1 Re8 13. c4 Bxf4 14. Nxf4 Rxe1+ 15. Qxe1 dxc4 16. Qe5 c3 17. Qxf5 cxd2 18. Qd3 Qd6 19. Qxd2 Rd8 20. Rd1 Nbd5 21. Nd3 Re8 22. Re1 Rxe1+ 23. Qxe1 Nc7 24. Qe5 Nb5 25. Nc5 Qxd4 26. Qxd4 Nxd4 27. Nxb7 Ne2+ 28. Kf1 Nc1 29. Bxc6 Nxa2 30. Nd6 Nb4 31. Bb5 Nfd5 32. Bc4 Kf8 33. Ke1 f6 34. Kd2 a6 35. Ne4 Nb6 36. Be2 Ke7 37. Nc5 a5 38. Bb5 Kd6 39. Nb7+ Kd5 40. Nxa5 Kc5 41. Be2 N4d5 42. Nc4 Kb4 43. Nxb6 Nxb6 44. Bd1 Kc5 45. Kd3 Kd5 46. Ke3 Ke5 47. f4+ Kd5 48. Bf3+ Kd6 49. Kd4 Nc8 50. b4 Ne7 51. b5 Nc8 52. Bb7 Nb6 53. Ke4 Ke6 54. g4 g6 55. f5+ gxf5+ 56. gxf5+ Ke7 57. Kf4 Kf8 58. Be4 Ke7 59. Kg4 Kf8 60. Bc2 Nc8 61. Bb3 Nb6 62. Be6 Na4 63. Kf4 Ke7 64. Ke3 Kd6 65. Kd4 Nb6 1/2-1/2

[Event "Steinfurt Bezirksliga 1314"]
[Site "Germany"]
[Date "2013.10.19"]
[Round "2.2"]
[White "Brinkmann, Franz Josef"]
[Black "Lachmuth, Mathias"]
[Result "1/2-1/2"]
[WhiteElo "1788"]
[BlackElo "1719"]
[PlyCount "54"]
[EventDate "2013.09.14"]
[EventType "team-tourn"]
[EventRounds "9"]
[EventCountry "GER"]
[SourceTitle "EXT 2015"]
[Source "ChessBase"]
[SourceDate "2014.11.20"]
[SourceVersion "1"]
[SourceVersionDate "2014.11.20"]
[SourceQuality "1"]
[WhiteTeam "Rheine Klein Berlin II"]
[BlackTeam "Emsdetten Rochade II"]
[WhiteTeamCountry "GER"]
[BlackTeamCountry "GER"]

1. e4 a6 2. d4 b5 3. Bf4 Nf6 4. Nd2 Bb7 5. Bd3 e6 6. Ngf3 Be7 7. c3 d6 8. Qc2 Nbd7 9. 0-0 c5 10. Rfe1 c4 11. Bf1 0-0 12. b3 cxb3 13. axb3 Rc8 14. Bd3 h6 15. Qb2 Nh5 16. Bg3 Nxg3 17. hxg3 Nf6 18. c4 b4 19. Nf1 Ra8 20. Qe2 Qb6 21. N1d2 Ng4 22. e5 dxe5 23. Nxe5 Nxe5 24. dxe5 Rad8 25. Rad1 Rd7 26. Ne4 Rfd8 27. Bc2 Rxd1 1/2-1/2

[Event "Muensterland Verbandsklasse-B 1213"]
[Site "Germany"]
[Date "2013.05.11"]
[Round "9.4"]
[White "Brinkmann, Franz Josef"]
[Black "Busswolder, Peter"]
[Result "1-0"]
[WhiteElo "1697"]
[BlackElo "1679"]
[PlyCount "57"]
[EventDate "2012.09.15"]
[EventType "team-tourn"]
[EventRounds "9"]
[EventCountry "GER"]
[SourceTitle "EXT 2015"]
[Source "ChessBase"]
[SourceDate "2014.11.20"]
[SourceVersion "1"]
[SourceVersionDate "2014.11.20"]
[SourceQuality "1"]
[WhiteTeam "Rheine Klein Berlin II"]
[BlackTeam "Stadtlohn"]
[WhiteTeamCountry "GER"]
[BlackTeamCountry "GER"]

1. e4 c5 2. Nf3 d6 3. d4 cxd4 4. Nxd4 Nf6 5. Nc3 a6 6. Be2 e6 7. Be3 Be7 8. 0-0 Nc6 9. f4 Qc7 10. Qe1 Bd7 11. Qg3 Rg8 12. Rad1 0-0-0 13. Qf2 Nxd4 14. Bxd4 Rdf8 15. Bb6 Qb8 16. Qd4 Ne8 17. Rf3 Bd8 18. Ba7 Qa8 19. e5 d5 20. Bc5 Bc6 21. Qb4 Nd6 22. Bxd6 Re8 23. Qc5 Kd7 24. f5 f6 25. fxe6+ Rxe6 26. Nxd5 fxe5 27. Rf7+ Ke8 28. Re7+ Rxe7 29. Nxe7 1-0

[Event "Muensterland Verbandsliga 1213"]
[Site "Germany"]
[Date "2013.02.02"]
[Round "6.8"]
[White "Hoffmann, Fabian"]
[Black "Brinkmann, Franz Josef"]
[Result "1/2-1/2"]
[WhiteElo "1620"]
[BlackElo "1697"]
[PlyCount "95"]
[EventDate "2012.09.22"]
[EventType "team-tourn"]
[EventRounds "9"]
[EventCountry "GER"]
[SourceTitle "EXT 2015"]
[Source "ChessBase"]
[SourceDate "2014.11.20"]
[SourceVersion "1"]
[SourceVersionDate "2014.11.20"]
[SourceQuality "1"]
[WhiteTeam "Raesfeld Erle"]
[BlackTeam "Rheine Klein Berlin"]
[WhiteTeamCountry "GER"]
[BlackTeamCountry "GER"]

1. e4 c5 2. c3 e6 3. d4 cxd4 4. cxd4 d5 5. e5 Bb4+ 6. Bd2 Bxd2+ 7. Nxd2 Nc6 8. Ngf3 Nge7 9. Bd3 Ng6 10. 0-0 Bd7 11. a3 0-0 12. Nb3 b6 13. Rc1 Nce7 14. h4 Nf5 15. Bxf5 exf5 16. h5 Nf4 17. h6 g5 18. Qd2 Bb5 19. Rfd1 Ne2+ 20. Kh2 g4 21. Ng5 f4 22. g3 Nxc1 23. Qxf4 Bd7 24. Rxc1 f6 25. e6 fxg5 26. Qe3 Qf6 27. exd7 Rad8 28. Rc7 Qxf2+ 29. Qxf2 Rxf2+ 30. Kg1 Rf7 31. Rxa7 Rfxd7 32. Ra6 Rd6 33. a4 Rxh6 34. a5 Rb8 35. Nc5 Rc6 36. Nd7 Rc1+ 37. Kf2 Rb7 38. Nf6+ Kg7 39. Nxd5 bxa5 40. Rxa5 Rxb2+ 41. Ke3 Re1+ 42. Kd3 Re6 43. Nc7 Rg6 44. d5 Rb3+ 45. Ke4 Rxg3 46. d6 Rxd6 47. Ne8+ Kg6 48. Nxd6 1/2-1/2

[Event "Muensterland Verbandsklasse-B 0910"]
[Site "Germany"]
[Date "2009.10.24"]
[Round "2.5"]
[White "Diepenbrock, Till"]
[Black "Brinkmann, Franz Josef"]
[Result "1/2-1/2"]
[WhiteElo "1738"]
[BlackElo "1608"]
[PlyCount "104"]
[EventDate "2009.09.19"]
[EventType "team-tourn"]
[EventRounds "9"]
[EventCountry "GER"]
[SourceTitle "EXT 2011"]
[Source "ChessBase"]
[SourceDate "2010.11.26"]
[SourceVersion "1"]
[SourceVersionDate "2010.11.26"]
[SourceQuality "1"]
[WhiteTeam "Nordwalde"]
[BlackTeam "Rheine Klein Berlin II"]
[WhiteTeamCountry "GER"]
[BlackTeamCountry "GER"]

1. e4 c5 2. Nf3 e6 3. d4 cxd4 4. Nxd4 Nc6 5. Be3 a6 6. a3 Nf6 7. Nc3 d6 8. Nxc6 bxc6 9. e5 Nd5 10. Nxd5 cxd5 11. Qd4 dxe5 12. Qxe5 Qd6 13. Qg5 h6 14. Qh5 d4 15. Bd2 Qc5 16. Qxc5 Bxc5 17. Bb4 Be7 18. Bxe7 Kxe7 19. 0-0-0 Rd8 20. Bc4 Bb7 21. f3 Rac8 22. b3 a5 23. a4 Rc5 24. Rd3 Bc6 25. Rhd1 e5 26. Kb2 Bxa4 27. Ka3 Bb5 28. Bxb5 Rxb5 29. c3 Rdb8 30. cxd4 exd4 31. Re1+ Kf6 32. Re4 Rd8 33. Rexd4 Rxd4 34. Rxd4 Re5 35. Ka4 Re2 36. Rf4+ Kg6 37. Kxa5 h5 38. b4 Rxg2 39. b5 Rxh2 40. b6 Ra2+ 41. Ra4 Rb2 42. Rb4 Ra2+ 43. Kb5 Ra8 44. Kc6 f5 45. b7 Rb8 46. Kc7 Rf8 47. Rd4 Kg5 48. Rd8 Rf7+ 49. Rd7 Rf8 50. Rxg7+ Kf4 51. Rh7 Kxf3 52. Rxh5 f4 1/2-1/2

[Event "Steinfurt Bezirksliga 0708"]
[Site "Germany"]
[Date "2008.05.10"]
[Round "9.4"]
[White "Sowa, Rudolf"]
[Black "Brinkmann, Franz Josef"]
[Result "1-0"]
[WhiteElo "1587"]
[BlackElo "1723"]
[PlyCount "81"]
[EventDate "2007.09.22"]
[EventType "team-tourn"]
[EventRounds "9"]
[EventCountry "GER"]
[SourceTitle "EXT 2009"]
[Source "ChessBase"]
[SourceDate "2008.11.26"]
[SourceVersion "1"]
[SourceVersionDate "2008.11.26"]
[SourceQuality "1"]
[WhiteTeam "Emsdetten Rochade III"]
[BlackTeam "Rheine Klein Berlin II"]
[WhiteTeamCountry "GER"]
[BlackTeamCountry "GER"]

1. e4 c5 2. Nf3 e6 3. c3 d5 4. exd5 Qxd5 5. d4 Nc6 6. Be2 Nf6 7. 0-0 Be7 8. c4 Qd8 9. dxc5 Bxc5 10. Qxd8+ Nxd8 11. Nc3 Bd7 12. a3 a5 13. Bg5 Bc6 14. Rad1 h6 15. Bf4 Ne4 16. Nxe4 Bxe4 17. Bd6 Rc8 18. Rd2 Bxd6 19. Rxd6 Rc6 20. Rfd1 Rxd6 21. Rxd6 Nc6 22. Nd2 Bg6 23. Bf3 Ke7 24. c5 Ne5 25. Be2 Rc8 26. b4 axb4 27. axb4 Ra8 28. f4 Nc6 29. b5 Nb4 30. Rb6 Ra2 31. Rxb7+ Kd8 32. b6 Rxd2 33. Rb8+ Ke7 34. Bb5 Nd3 35. Re8+ Kf6 36. Bxd3 Rxd3 37. b7 Rb3 38. b8Q Rxb8 39. Rxb8 Be4 40. Rd8 Ke7 41. Rd6 1-0

[Event "Steinfurt Bezirksliga 0607"]
[Site "Germany"]
[Date "2007.04.28"]
[Round "9.3"]
[White "Brinkmann, Franz Josef"]
[Black "Engfer, Klaus"]
[Result "1-0"]
[WhiteElo "1645"]
[BlackElo "1652"]
[PlyCount "119"]
[EventDate "2006.09.09"]
[EventType "team-tourn"]
[EventRounds "9"]
[EventCountry "GER"]
[SourceTitle "EXT 2008"]
[Source "ChessBase"]
[SourceDate "2007.11.25"]
[SourceVersion "1"]
[SourceVersionDate "2007.11.25"]
[SourceQuality "1"]
[WhiteTeam "Rheine Klein Berlin II"]
[BlackTeam "Rheine CC"]
[WhiteTeamCountry "GER"]
[BlackTeamCountry "GER"]

1. e4 e5 2. Nf3 d6 3. Bc4 Be7 4. Nc3 Nf6 5. d4 exd4 6. Nxd4 0-0 7. 0-0 c6 8. a3 b5 9. Bd3 a6 10. h3 h6 11. Bf4 c5 12. Nf5 Nc6 13. Be2 Bxf5 14. exf5 Qd7 15. Bf3 Rad8 16. Re1 Rfe8 17. Nd5 Nd4 18. g4 Nxd5 19. Bxd5 Bf6 20. Be3 Nc6 21. c3 Ne7 22. Bf3 Qc7 23. Qd2 Nc6 24. Bf4 Ne5 25. Bd5 Re7 26. a4 Rde8 27. axb5 axb5 28. Kg2 Qb6 29. Kg3 Nd7 30. Rxe7 Rxe7 31. h4 Be5 32. g5 Bxf4+ 33. Qxf4 Kh7 34. g6+ Kg8 35. Bxf7+ Rxf7 36. gxf7+ Kxf7 37. Rd1 Nf6 38. Kh3 Ke7 39. Qe3+ Kf8 40. Qe6 Qc6 41. Qxd6+ Qxd6 42. Rxd6 Ne4 43. Rb6 Nxf2+ 44. Kg3 Nd3 45. Rxb5 c4 46. b3 cxb3 47. Rxb3 Ke7 48. Rb6 Nc5 49. Kg4 Kf7 50. c4 Nd3 51. Rd6 Nc5 52. Rc6 Nd3 53. Rc8 Ne5+ 54. Kf4 Kf6 55. Rf8+ Nf7 56. Rxf7+ Kxf7 57. Ke5 Ke7 58. h5 Kd7 59. Kd5 Kc7 60. Kc5 1-0